01231nam0a22002411 4500001001100000005001700011021001900028035002600047100004100073101000800114102000700122105001800129200046200147210004200609215002200651300007800673333003900751606007400790700006200864801001800926801002200944852002300966rc\414299520250611105415.0 aRUb[53-12381] a(NLR Aleph) 008164621 a20130415d1953 |||y0rusy50 ca0 arus aRU aa z |||||1 aЛабораторно-практические работы по поляриметрииeУчеб.-метод. руководство для студентов хим.-технол. специальностейfМ-во высш. образования СССР. Арханг. ордена Труд. Красного Знамени лесотехн. ин-т им. В.В. Куйбышева. Кафедра физ. и коллоидной химии aАрхангельскcБ. и.d1953 a27 с.cил.d21 aПеред загл. авт.: А.П. Руцков, д-р хим. наук aНа правах рукописи aПоляриметрияjЛабораторные работы2psbo 1aРуцковbА.П.gАлександр Павлович 0aRUbNLRgpsbo 1aRUbELAR2rusmarc aNLRjТ66 Г-4/812